La diplomacia
Guardat en:
| Autor principal: | |
|---|---|
| Format: | Llibre |
| Idioma: | espanyol |
| Publicat: |
Ciudad de México
Fondo de Cultura Económica
1995
|
| Col·lecció: | Sección de Obras de Política y Derecho
|
| Matèries: | |
| Etiquetes: |
Afegir etiqueta
Sense etiquetes, Sigues el primer a etiquetar aquest registre!
|
MARC
| LEADER | 00000nam a2200000 a 4500 | ||
|---|---|---|---|
| 001 | UCT4728 | ||
| 003 | CL-VaPUC | ||
| 005 | 20240627121733.0 | ||
| 008 | 961122e19950000MX |||||||||||||||||spa|d | ||
| 999 | |c 253905 |d 253903 | ||
| 020 | |a 9681647475 | ||
| 040 | |c Pontificia Universidad Católica de Valparaíso | ||
| 082 | 0 | 4 | |a 327 |b KIS |2 21 |
| 100 | |a Kissinger, Henry Alfred |e author |9 584912 | ||
| 245 | 1 | 3 | |a La diplomacia |
| 260 | |a Ciudad de México |b Fondo de Cultura Económica |c 1995 | ||
| 300 | |a 919 p | ||
| 490 | 0 | |a Sección de Obras de Política y Derecho | |
| 583 | |a last modification |c 19961122 00:00:00 |k Rodrigo Vera | ||
| 650 | 0 | |a Diplomacia |9 256483 |y Siglo 20 | |
| 650 | 0 | |a Guerra de Vietnam, |9 255379 |x Aspectos políticos |y 1961-1975 | |
| 650 | 0 | |a Comunismo |9 255588 |z Europa oriental | |
| 650 | 0 | |a Guerra fría |9 316628 |x Aspectos políticos |y 1950-1986 | |
| 651 | 0 | |a Rusia |9 256106 |x Relaciones |z Estados Unidos |y Siglo 20 | |
| 651 | 0 | |a Estados Unidos |9 255178 |x Relaciones exteriores |y Siglo 20 | |
| 651 | 0 | |a Europa |9 255157 |x Relaciones |z Estados Unidos |y Siglo 20 | |
| 942 | |c BK |2 ddc | ||
| 945 | |d 19961122 00:00:00 |a rleighto | ||
| 952 | |0 0 |1 0 |2 ddc |4 0 |6 327_000000000000000_KIS_1995 |7 1 |8 R |9 275075 |a BIBHIS |b BIBHIS |d 2019-11-19 |i 3252108 |o 327 KIS 1995 |p 3252108 |r 2024-01-30 |w 2019-11-19 |y BK_R |k HIS | ||
| 952 | |0 0 |1 0 |4 0 |6 327_000000000000000_KIS_1995 |7 0 |8 A |9 275076 |a BIBCUR |b BIBCUR |d 2019-11-19 |i 3829332 |l 3 |o 327 KIS 1995 |p 3829332 |r 2025-04-22 |s 2024-11-26 |w 2019-11-19 |y BK |k PER | ||
| 952 | |0 0 |1 0 |4 0 |6 327_000000000000000_KIS_1995 |7 0 |8 R |9 275077 |a BIBHIS |b BIBHIS |d 2019-11-19 |i 3933415 |o 327 KIS 1995 |p 3933415 |r 2019-11-19 |w 2019-11-19 |y BK_R |k HIS | ||
| 952 | |0 0 |1 0 |4 0 |6 327_000000000000000_KIS_1995 |7 0 |8 R |9 275078 |a BIBHIS |b BIBHIS |d 2019-11-19 |i 394011K |l 2 |o 327 KIS 1995 |p 394011K |r 2024-01-30 |s 2023-11-29 |w 2019-11-19 |y BK_R |k HIS | ||